| 000 | 01291pam a2200337 a 4500 | ||
|---|---|---|---|
| 999 |
_c22620 _d22620 |
||
| 001 | 3886666 | ||
| 003 | OSt | ||
| 005 | 20170124140407.0 | ||
| 008 | 900411s1990 enka b 001 0 eng | ||
| 010 | _a 90001860 | ||
| 020 | _a0521385288 (hardback) | ||
| 020 | _a0521409993 (paperback) | ||
| 040 |
_aDLC _cDLC _dDLC |
||
| 050 | 0 | 0 |
_aND1290 _b.P6 1990 |
| 082 | 0 | 0 |
_a757/.09/034 _220 |
| 100 | 1 | _aPointon, Marcia R. | |
| 245 | 1 | 0 |
_aNaked authority : _bthe body in western painting, 1830-1908 / _cMarcia Pointon. |
| 260 |
_aCambridge : _bCambridge University Press, _c1990. |
||
| 300 |
_axi, 160 p. : _bill. ; _c26 cm. |
||
| 440 | 0 | _aCambridge new art history and criticism | |
| 504 | _aIncludes bibliographical references (p. 151-157) and index. | ||
| 650 | 0 | _aHuman figure in art. | |
| 650 | 0 | _aNude in art. | |
| 650 | 0 | _aWomen in art. | |
| 650 | 0 |
_aPainting, Modern _y19th century. |
|
| 650 | 0 |
_aPainting, Modern _y20th century. |
|
| 856 | 4 | 2 |
_3Publisher description _uhttp://www.loc.gov/catdir/description/cam024/90001860.html |
| 856 | 4 | 1 |
_3Table of contents _uhttp://www.loc.gov/catdir/toc/cam024/90001860.html |
| 906 |
_a7 _bcbc _corignew _d1 _eocip _f19 _gy-gencatlg |
||
| 942 |
_2lcc _cBOOKS _hND 1290 .P6 1990 |
||